Vacuum practice (Record no. 1136)

MARC details
000 -LEADER
fixed length control field 00487nam a2200169Ia 4500
003 - CONTROL NUMBER IDENTIFIER
control field IN-BaIIA
008 - FIXED-LENGTH DATA ELEMENTS--GENERAL INFORMATION
fixed length control field 211028s9999 xx 000 0 eng d
040 ## - CATALOGING SOURCE
Transcribing agency IIA Library
080 ## - UNIVERSAL DECIMAL CLASSIFICATION NUMBER
Universal Decimal Classification number 533.5
Item number DUN
100 ## - MAIN ENTRY--PERSONAL NAME
Personal name Dunoyer, L.
9 (RLIN) 2391
245 #0 - TITLE STATEMENT
Title Vacuum practice
Statement of responsibility, etc. L. Dunoyer
260 ## - PUBLICATION, DISTRIBUTION, ETC.
Place of publication, distribution, etc. London
Name of publisher, distributor, etc. G.Bell and Sons
Date of publication, distribution, etc. 1926
300 ## - PHYSICAL DESCRIPTION
Extent x, 228p.
490 ## - SERIES STATEMENT
Series statement International textbooks of exact science
650 ## - SUBJECT ADDED ENTRY--TOPICAL TERM
Topical term or geographic name entry element Vacuum
9 (RLIN) 2392
942 ## - ADDED ENTRY ELEMENTS (KOHA)
Koha item type Books
Holdings
Withdrawn status Lost status Damaged status Not for loan Home library Current library Shelving location Date acquired Total Checkouts Full call number Barcode Date last seen Price effective from Koha item type
        IIA Library-Bangalore IIA Library-Bangalore General Stacks     533.5/ DUN 1195 05/11/2021   Books

Powered by Koha